00477cam a22002051 4500001001300000003000400013005001700017008004100034010001700075035002000092040001800112042001200130050001900142100003000161245001800191260001100209300001900220500001500239999001700254sa 63004611 DLC20260227111950.0881028s1963 xx 000 0 beno  asa 63004611  a(OCoLC)23557132 aDLCcMiUdDLC apremarc00aPK1718.M47bN51 aMitra, Bimal,d1912-1991.10aNibedana iti. c[1963] a237 p.c23 cm. aRomanized. c55755d55755